logo

Bir Sreshtho Munshi Abdur Rouf Library
Jhenaidah Cadet College

Programming In ANSI / (Record no. 10411)

MARC details
000 -LEADER
fixed length control field 00598nam a22002177a 4500
001 - CONTROL NUMBER
JCCL Control Number 10411
003 - CONTROL NUMBER IDENTIFIER
JCCL marc code BD-JhCC
005 - DATE AND TIME OF LATEST TRANSACTION
control field 20220725134023.0
008 - FIXED-LENGTH DATA ELEMENTS--GENERAL INFORMATION
fixed length control field 180425b20121982ii ||||| |||| 00| 0 eng d
035 ## - SYSTEM CONTROL NUMBER
system control number (BD-JhCC)10411
040 ## - CATALOGING SOURCE
Original cataloging agency BD-JhCC
Modifying agency BD-JhCC
041 ## - LANGUAGE CODE
Language code of Book eng
082 ## - DEWEY DECIMAL CLASSIFICATION NUMBER
Classification number 005.113
Author mark and Year BAL 2012
100 ## - MAIN ENTRY--PERSONAL NAME
Personal name Balagurusamy, E.
245 ## - TITLE STATEMENT
Title Programming In ANSI /
Statement of responsibility, etc E. Balagurusamy,
260 ## - PUBLICATION, DISTRIBUTION, ETC. (IMPRINT)
Place of publication, distribution, etc New Delhi :
Name of publisher, distributor, etc Tata McGraw hill Education Private Limited,
Date of publication, distribution, etc 2012.
300 ## - PHYSICAL DESCRIPTION
Pagination 558 p. :
Other physical details ills;
Dimensions 25 cm.
650 ## - SUBJECT ADDED ENTRY--TOPICAL TERM
Topical term or geographic name as entry element C (Computer program language)
942 ## - ADDED ENTRY ELEMENTS (KOHA)
Source of classification or shelving scheme Dewey Decimal Classification
Koha item type Books
Koha issues (borrowed), all copies 7
Holdings
Source of classification or shelving scheme Damaged status Not for loan Home library Current library Shelving location Total Checkouts Full call number Barcode Date last seen Date checked out Copy number Koha item type
Dewey Decimal Classification     JCC Rouf Library JCC Rouf Library General Stacks 4 005.113 BAL 2012 13774 06/13/2022 06/06/2022 C-1 Books
Dewey Decimal Classification     JCC Rouf Library JCC Rouf Library General Stacks 4 005.113 BAL 2012 13775 08/01/2022 07/25/2022 C-2 Books

JCC Library | Contacts | JCC Home

Last Update on 23 September 2017
Copyright @ 2017-2020 JCC Rouf Library
Rouf Library, Jhenidah Cadet College (JCC), Bangladesh